|
|
|
|
| LEADER |
00000nac a2200000 a 4500 |
| 003 |
Ucuenca |
| 005 |
20230308225753.0 |
| 008 |
000000|1965 sp |||||r|||||||||||spa|| |
| 040 |
|
|
|b spa
|
| 041 |
0 |
|
|a spa
|
| 082 |
0 |
|
|a 691.3
|
| 100 |
1 |
|
|9 63487
|a Casaprima Cabal, Enrique
|
| 245 |
|
|
|a Técnica y práctica del hormigón armado
|c Enrique Casaprima Cabal
|h imp
|n tomo 2
|
| 250 |
|
|
|a 5a ed.
|
| 264 |
|
|
|a Barcelona
|b Ceac
|c 1965
|
| 300 |
|
|
|a 227-499 páginas:
|b ilu
|c 22 cm
|
| 490 |
|
|
|a Monografías CEAC sobre Construcción y Arquitectura
|n no. 34
|
| 504 |
|
|
|a incl. ref.
|
| 650 |
|
0 |
|a Hormigón armado
|9 33527
|
| 852 |
|
|
|a UC-CDJBV
|
| 942 |
|
|
|c CR
|2 ddc
|z ivan.verdugo@ucuenca.edu.ec
|
| 999 |
|
|
|c 153952
|d 153952
|